| 000 | 01006nam a2200253Ia 4500 | ||
|---|---|---|---|
| 003 | OSt | ||
| 005 | 20221005104331.0 | ||
| 006 | a|||||r|||| 00| 0 | ||
| 007 | ta | ||
| 008 | 221004b |||||||| |||| 00| 0 hin d | ||
| 020 |
_a9788190634472 (hbk) _c795 |
||
| 024 | _a98309 | ||
| 037 |
_b594, 06/02/2009, Eastern Book Linkers _cTextual |
||
| 040 |
_aCRL _cCRL _bhin |
||
| 041 |
_2hin _ahin |
||
| 082 | _aU287:1, 152P8 | ||
| 100 | _aब्रज किशोर प्रसाद सिंह | ||
| 245 | 0 | _aभूमंडलीय ताप एंव जलवायु परिवर्तन | |
| 246 | _aBhūmanḍalīya tāp eanva jalavāyu parivartana | ||
| 260 |
_aदिल्ली _bप्रशांत पब्लिशिंग हाउस भारत _c2008 |
||
| 300 |
_a262पृ0 _ccm. |
||
| 942 |
_hU287:1, 152P8 _cTEXL _2cc |
||
| 999 |
_c1012398 _d1012398 |
||